Introduction to microwave technology; instructor's manual (Record no. 269185)
[ view plain ]
| 000 -LEADER | |
|---|---|
| fixed length control field | 00341 a2200133 4500 |
| 001 - CONTROL NUMBER | |
| control field | 34112 |
| 082 ## - DEWEY DECIMAL CLASSIFICATION NUMBER | |
| Classification number | 621.3615 MON |
| 090 ## - LOCALLY ASSIGNED LC-TYPE CALL NUMBER (OCLC); LOCAL CALL NUMBER (RLIN) | |
| -- | 22562 |
| -- | 22562 |
| 100 ## - MAIN ENTRY--PERSONAL NAME | |
| Personal name | Monaco Fred |
| 245 ## - TITLE STATEMENT | |
| Title | Introduction to microwave technology; instructor's manual |
| 260 ## - PUBLICATION, DISTRIBUTION, ETC. | |
| Place of publication, distribution, etc. | Lahore |
| Name of publisher, distributor, etc. | PAF Book Club |
| Date of publication, distribution, etc. | 1989 |
| 300 ## - PHYSICAL DESCRIPTION | |
| Extent | 41 p. |
| 740 ## - ADDED ENTRY--UNCONTROLLED RELATED/ANALYTICAL TITLE | |
| Uncontrolled related/analytical title | solution manual |
| 942 ## - ADDED ENTRY ELEMENTS (KOHA) | |
| Institution code [OBSOLETE] | NUST-CAE |
| Call number prefix | 621.3615 MON |
| Withdrawn status | Lost status | Damaged status | Not for loan | Collection code | Permanent Location | Current Location | Date acquired | Total Checkouts | Full call number | Barcode | Date last seen | Price effective from | Koha item type |
|---|---|---|---|---|---|---|---|---|---|---|---|---|---|
| College of Aeronautical Engineering (CAE) | College of Aeronautical Engineering (CAE) | 04/03/2017 | 621.3615 MON | CAE58297 | 04/05/2017 | 04/05/2017 | Book |
